| Tag |
First Indicator |
Second Indicator |
Subfields |
| LEADER |
00000cam a22000001 4500 |
| 001 |
in00000095893 |
| 005 |
20150925085836.0 |
| 008 |
710125s1968 nyuab b 00000 eng |
| 010 |
|
|
|a 68018088
|
| 035 |
|
|
|a (OCoLC)00440244
|
| 035 |
|
|
|9 AAL2116AM
|
| 037 |
|
|
|c $5.95
|
| 040 |
|
|
|a DLC
|c DLC
|d TXA
|d UtOrBLW
|
| 049 |
|
|
|a TXAM
|c [707276]
|
| 050 |
0 |
0 |
|a TA148
|b .O85
|
| 082 |
0 |
|
|a 624
|
| 100 |
1 |
|
|a Overman, Michael.
|
| 245 |
1 |
0 |
|a Roads, bridges, and tunnels: modern approaches to road engineering.
|
| 264 |
|
1 |
|a Garden City, N.Y. :
|b Doubleday,
|c 1968.
|
| 300 |
|
|
|a 191 pages :
|b illustrations (part color), color map. ;
|c 23 cm.
|
| 336 |
|
|
|a text
|b txt
|2 rdacontent
|
| 337 |
|
|
|a unmediated
|b n
|2 rdamedia
|
| 338 |
|
|
|a volume
|b nc
|2 rdacarrier
|
| 490 |
1 |
|
|a Doubleday science series;
|v SD6
|
| 504 |
|
|
|a Bibliography: page [187].
|
| 650 |
|
0 |
|a Civil engineering
|x Popular works.
|
| 830 |
|
0 |
|a Doubleday science series ;
|v SD6.
|
| 999 |
|
|
|a MARS
|
| 999 |
f |
f |
|s 51c50595-d287-359a-993b-f9f1fbaae660
|i 7945f32e-fbf1-3ea4-9e2f-bbf531d33fc5
|t 0
|
| 952 |
f |
f |
|p ric
|a Texas A&M University
|b Rellis Campus
|c Joint Library Facility
|d Remote Storage
|t 0
|e TA148 .O85
|h Library of Congress classification
|i unmediated -- volume
|m A14805291530
|
| 998 |
f |
f |
|a TA148 .O85
|t 0
|l Remote Storage
|